Największe Państwa w Historii - Statystyki

Ogólne statystyki
  • Ten quiz został rozwiązany 15 razy
  • Średni wynik to 14 z 24
Statystyki odpowiedzi
Obrazkowy Hint Odpowiedź % Poprawnych
35,8mln km² Brytyjskie imperium kolonialne
92%
17,1 mln km² Federacja Rosyjska
92%
22,4mln km² Związek Radziecki
92%
20,0mln km² Hiszpańskie imperium kolonialne
85%
33,0mln km² Wielki Ułus Mongołów
85%
8,2mln km² Australia
69%
8,7mln km² Cesarstwo Brazylii
69%
6,5mln km² Cesarstwo Rzymskie
69%
10mln km² Kanada
69%
9,8mln km² Stany Zjednoczone
69%
9,9mln km² Chińska Republika Ludowa
62%
13,0mln km² Francuskie imperium kolonialne
62%
23,7mln km² Imperium Rosyjskie
62%
10,4mln km² Portugalskie imperium kolonialne
62%
6,4mln km² III Rzesza
54%
5,2mln km² Imperium Osmańskie
54%
7,4mln km² Japonia
54%
5,2mln km² Królestwo Macedonii
38%
8,0mln km² Persja – Imperium Achemenidów
38%
11,1mln km² Kalifat Abbasydów
23%
13,5mln km² Kalifat Umajjadów
23%
6,0mln km² Złota Orda
23%
14,7mln km² Cesarstwo Qing
15%
6,0mln km² Kaganat Turkutów
8%
Nie znaleziono quizów pasujących do podanych kryteriów
Rozkład punktacji
Procent ludzi z każdym wynikiem
Percentyl według liczby udzielonych odpowiedzi
Twoja historia wyników
Nie rozwiązałeś tego quizu